[Event "Victoria-ch"]
[Site "Melbourne"]
[Date "2007.11.25"]
[Round "8"]
[White "Dragicevic, Domagoj"]
[Black "Pecak, Mariusz"]
[Result "0-1"]
[WhiteElo "2182"]
[BlackElo "2113"]
[PlyCount "64"]
[EventDate "2007.11.15"]
[EventType "tourn"]
[EventRounds "9"]
[EventCountry "AUS"]
[SourceTitle "EXT 2010"]
[Source "ChessBase"]
[SourceDate "2010.11.25"]
[SourceVersion "1"]
[SourceVersionDate "2010.11.25"]
[SourceQuality "1"]

1. h4 d5 2. b3 e5 3. Bb2 Bd6 4. e3 Nf6 5. Nf3 Qe7 6. d4 e4 7. Ne5 Nbd7 8. Nxd7 Bxd7 9. Be2 h5 10. c4 c6 11. Nc3 a6 12. Qd2 b5 13. Nd1 0-0 14. a4 bxc4 15. bxc4 Bb4 16. Bc3 Rfb8 17. c5 a5 18. Rb1 Bxc3 19. Rxb8+ Rxb8 20. Nxc3 Bg4 21. 0-0 Bxe2 22. Qxe2 Ng4 23. g3 Rb3 24. Qc2 Rb4 25. Rb1 g5 26. hxg5 Qxg5 27. Rxb4 axb4 28. Ne2 h4 29. a5 hxg3 30. Nxg3 Qh4 31. Qe2 Nh2 32. Qa2 Qh3 0-1

[Event "Victoria-ch"]
[Site "Melbourne"]
[Date "2007.11.17"]
[Round "2"]
[White "Pecak, Mariusz"]
[Black "Goldenberg, Igor"]
[Result "0-1"]
[WhiteElo "2113"]
[BlackElo "2400"]
[PlyCount "86"]
[EventDate "2007.11.15"]
[EventType "tourn"]
[EventRounds "9"]
[EventCountry "AUS"]
[SourceTitle "EXT 2010"]
[Source "ChessBase"]
[SourceDate "2010.11.25"]
[SourceVersion "1"]
[SourceVersionDate "2010.11.25"]
[SourceQuality "1"]

1. d4 d5 2. c4 e6 3. cxd5 exd5 4. Nc3 c6 5. Qc2 Be7 6. Bf4 g6 7. e3 Bf5 8. Bd3 Bxd3 9. Qxd3 Nf6 10. Nf3 0-0 11. h3 Nbd7 12. 0-0 Re8 13. Ne5 a6 14. Rad1 Nxe5 15. dxe5 Nh5 16. Bh2 Qb6 17. e4 dxe4 18. Nxe4 Qxb2 19. Rb1 Qxa2 20. Rxb7 Qe6 21. g4 Ng7 22. Rc1 Red8 23. Qe3 Ne8 24. Bf4 a5 25. Bg5 Rd7 26. Rcb1 Rxb7 27. Rxb7 Bf8 28. Nc5 Qd5 29. Nd7 c5 30. Qb3 c4 31. Qb6 Bg7 32. Nf6+ Nxf6 33. Bxf6 Bf8 34. Qc7 a4 35. Rb8 Rxb8 36. Qxb8 Qe6 37. Bg5 a3 38. Qa8 Qxe5 39. Bh6 Qc5 40. Be3 Qb4 41. Qa6 c3 42. Qf6 c2 43. Kg2 Qe4+ 0-1

[Event "Begonia op 41st"]
[Site "Ballarat"]
[Date "2007.03.10"]
[Round "2"]
[White "Johansen, Darryl Keith"]
[Black "Pecak, Mariusz"]
[Result "1/2-1/2"]
[WhiteElo "2454"]
[BlackElo "2114"]
[PlyCount "60"]
[EventDate "2007.03.10"]
[EventType "swiss"]
[EventRounds "7"]
[EventCountry "AUS"]
[SourceTitle "EXT 2019"]
[Source "ChessBase"]
[SourceDate "2018.10.10"]
[SourceVersion "1"]
[SourceVersionDate "2018.10.10"]
[SourceQuality "1"]

1. c4 c6 2. Nf3 d5 3. d4 Nf6 4. Qc2 g6 5. Bf4 Bg7 6. e3 Bf5 7. Qb3 Bxb1 8. Qxb7 Bf5 9. Qxa8 Qa5+ 10. Nd2 0-0 11. a3 c5 12. Qb7 Ne4 13. b4 Qa4 14. Nxe4 Bxe4 15. bxc5 Nc6 16. cxd5 Qc2 17. f3 Bxd5 18. Qb1 Nxd4 19. exd4 Qc3+ 20. Bd2 Qxd4 21. Ra2 Bxa2 22. Qxa2 Qxc5 23. Qb3 Bd4 24. Bd3 Bg1 25. Qc2 Qf2+ 26. Kd1 Rd8 27. Qc7 Rxd3 28. Qb8+ Kg7 29. Qe5+ Kg8 30. Qb8+ Kg7 1/2-1/2

[Event "Victoria-ch"]
[Site "Melbourne"]
[Date "2006.11.09"]
[Round "13"]
[White "Skiotis, Pano"]
[Black "Pecak, Mariusz"]
[Result "1-0"]
[WhiteElo "2048"]
[BlackElo "2027"]
[PlyCount "51"]
[EventDate "2006.10.05"]
[EventType "tourn"]
[EventRounds "11"]
[EventCountry "AUS"]
[SourceTitle "EXT 2008"]
[Source "ChessBase"]
[SourceDate "2007.11.25"]
[SourceVersion "1"]
[SourceVersionDate "2007.11.25"]
[SourceQuality "1"]

1. d4 d5 2. c4 c6 3. Nc3 Nf6 4. Bg5 Qa5 5. Bxf6 gxf6 6. e3 e5 7. a3 Be6 8. cxd5 cxd5 9. Bb5+ Nc6 10. Nge2 Rc8 11. 0-0 a6 12. Ba4 b5 13. Bb3 Bg7 14. e4 Nxd4 15. Nxd4 exd4 16. exd5 dxc3 17. dxe6 0-0 18. exf7+ Kh8 19. bxc3 f5 20. Be6 Rxc3 21. Bxf5 Qb6 22. Re1 Rc6 23. Re8 Rf6 24. Qh5 Rh6 25. Qg4 Qf6 26. Rxf8+ 1-0

[Event "Victoria-ch"]
[Site "Melbourne"]
[Date "2006.10.31"]
[Round "11"]
[White "Pecak, Mariusz"]
[Black "Stojic, Dusan"]
[Result "1-0"]
[WhiteElo "2027"]
[BlackElo "2118"]
[PlyCount "171"]
[EventDate "2006.10.05"]
[EventType "tourn"]
[EventRounds "11"]
[EventCountry "AUS"]
[SourceTitle "EXT 2008"]
[Source "ChessBase"]
[SourceDate "2007.11.25"]
[SourceVersion "1"]
[SourceVersionDate "2007.11.25"]
[SourceQuality "1"]

1. d4 Nf6 2. c4 c5 3. d5 d6 4. Nc3 g6 5. e4 Bg7 6. f3 e6 7. Be3 exd5 8. cxd5 0-0 9. Qd2 Re8 10. Nge2 Na6 11. Ng3 Nc7 12. Be2 Rb8 13. a4 a6 14. 0-0 b5 15. Kh1 Nd7 16. Bg5 Bf6 17. Bh6 bxa4 18. Rxa4 Nb5 19. f4 Qb6 20. e5 Nxc3 21. bxc3 dxe5 22. f5 Qb2 23. fxg6 hxg6 24. Bxa6 Qxd2 25. Bxd2 Nb6 26. Bxc8 Rexc8 27. Ra6 Bg7 28. d6 f5 29. Bg5 Nd7 30. h4 Ra8 31. Rfa1 Rxa6 32. Rxa6 Kf7 33. c4 Ke6 34. Kg1 e4 35. Ne2 Be5 36. Kf2 Rb8 37. Nf4+ Bxf4 38. Bxf4 Rb2+ 39. Kg3 Rb3+ 40. Kf2 Rc3 41. Ra4 Nf6 42. Ra7 Nd7 43. Ra4 Rc2+ 44. Kf1 Rb2 45. Ra8 Rb1+ 46. Ke2 Rb2+ 47. Kf1 Rb8 48. Ra7 Rb1+ 49. Ke2 Rb2+ 50. Kf1 Rb1+ 51. Ke2 Rb4 52. Ra8 Nf6 53. Ra7 Nd7 54. Ra8 Rxc4 55. Re8+ Kd5 56. Re7 Kc6 57. Re6 Rc2+ 58. Kf1 c4 59. Rxg6 Rb2 60. Rg8 Rb1+ 61. Ke2 Rb2+ 62. Kf1 Rb1+ 63. Ke2 Rb2+ 64. Kd1 Rf2 65. g3 Nb6 66. h5 Nd5 67. Be5 Rh2 68. Rc8+ Kd7 69. Rc5 Ne3+ 70. Ke1 Nc2+ 71. Kd1 e3 72. Rc7+ Ke8 73. Re7+ Kf8 74. Bg7+ Kg8 75. d7 Rd2+ 76. Kc1 Nb4 77. h6 Nc6 78. Re8+ Kf7 79. Rc8 Rxd7 80. Rxc6 e2 81. Bc3 Rd3 82. Bd2 Rxg3 83. Rc7+ Ke6 84. h7 Rh3 85. Kc2 f4 86. Rxc4 1-0

[Event "Victoria-ch"]
[Site "Melbourne"]
[Date "2006.10.12"]
[Round "3"]
[White "Pyke, Malcolm"]
[Black "Pecak, Mariusz"]
[Result "1-0"]
[WhiteElo "2080"]
[BlackElo "2027"]
[PlyCount "141"]
[EventDate "2006.10.05"]
[EventType "tourn"]
[EventRounds "11"]
[EventCountry "AUS"]
[SourceTitle "EXT 2008"]
[Source "ChessBase"]
[SourceDate "2007.11.25"]
[SourceVersion "1"]
[SourceVersionDate "2007.11.25"]
[SourceQuality "1"]

1. d4 d5 2. Nf3 Nf6 3. c4 c6 4. e3 Bf5 5. Nc3 e6 6. Be2 Nbd7 7. Nh4 Bg6 8. Nxg6 hxg6 9. a3 Qc7 10. g3 Ne4 11. Nxe4 dxe4 12. 0-0 Nf6 13. Qc2 Rd8 14. b4 e5 15. Rd1 g5 16. Bb2 Qc8 17. Bf1 Qf5 18. Bg2 Bd6 19. d5 cxd5 20. cxd5 0-0 21. f3 Rc8 22. Qb1 Rc4 23. Rf1 Qg6 24. fxe4 Nxe4 25. Qd3 b5 26. Rac1 f5 27. g4 Rxc1 28. Bxc1 Nf6 29. gxf5 Qh5 30. e4 Rc8 31. Qe3 Rc4 32. Re1 Qg4 33. Qxg5 Qxg5 34. Bxg5 Rc3 35. Re3 Rc1+ 36. Bf1 a5 37. Rg3 Rxf1+ 38. Kxf1 Nxe4 39. Rg4 Nxg5 40. Rxg5 axb4 41. axb4 Be7 42. Rg6 Kf7 43. d6 Bf6 44. Ke2 Ke8 45. Kf3 Kd7 46. Ke4 Kxd6 47. h4 Ke7 48. h5 Kf7 49. Kd5 Be7 50. Rb6 Bxb4 51. Rxb5 Bc3 52. Rb6 Bd4 53. Rc6 Bb2 54. Ke4 Ba1 55. Rg6 Bc3 56. f6 gxf6 57. Kf5 Bb4 58. Rxf6+ Kg7 59. Rg6+ Kh7 60. Kxe5 Be1 61. Kf5 Bc3 62. Rd6 Bb4 63. Rc6 Bd2 64. Kg4 Be3 65. Re6 Bd2 66. Ra6 Be3 67. Rd6 Bc1 68. h6 Bxh6 69. Kh5 Bf4 70. Rd7+ Kg8 71. Kg6 1-0

[Event "Melbourne CC Anzac op"]
[Site "Melbourne"]
[Date "2005.04.25"]
[Round "?"]
[White "Jordan, William J"]
[Black "Pecak, Mariusz"]
[Result "1-0"]
[WhiteElo "2316"]
[BlackElo "2078"]
[PlyCount "51"]
[EventDate "2005.04.23"]
[EventType "swiss"]
[EventRounds "7"]
[EventCountry "AUS"]
[SourceTitle "EXT 2010"]
[Source "ChessBase"]
[SourceDate "2010.11.25"]
[SourceVersion "1"]
[SourceVersionDate "2010.11.25"]
[SourceQuality "1"]

1. e4 c5 2. Nf3 d6 3. Bc4 e6 4. 0-0 Nc6 5. Qe2 a6 6. c3 b5 7. Bb3 c4 8. Bc2 e5 9. a4 Rb8 10. d3 Na5 11. axb5 axb5 12. dxc4 Nxc4 13. Bd3 Bd7 14. Rd1 Qc7 15. Na3 Nxa3 16. Rxa3 Nf6 17. Be3 Be7 18. Nh4 0-0 19. Rda1 Ng4 20. Ra7 Qc8 21. Rxd7 Qxd7 22. Ra7 Qe6 23. Nf5 Ra8 24. Qxg4 Bf6 25. Nh6+ Kh8 26. Nxf7+ 1-0

[Event "Melbourne CC Anzac op"]
[Site "Melbourne"]
[Date "2005.04.24"]
[Round "?"]
[White "Voon, Richard"]
[Black "Pecak, Mariusz"]
[Result "1-0"]
[WhiteElo "2150"]
[BlackElo "2078"]
[PlyCount "84"]
[EventDate "2005.04.23"]
[EventType "swiss"]
[EventRounds "7"]
[EventCountry "AUS"]
[SourceTitle "EXT 2010"]
[Source "ChessBase"]
[SourceDate "2010.11.25"]
[SourceVersion "1"]
[SourceVersionDate "2010.11.25"]
[SourceQuality "1"]

1. e4 c5 2. Nf3 d6 3. d4 cxd4 4. Nxd4 Nf6 5. Nc3 Nc6 6. Be2 e5 7. Nb3 a5 8. a4 Be7 9. 0-0 0-0 10. f4 exf4 11. Bxf4 Be6 12. Kh1 Qb6 13. Nd5 Bxd5 14. exd5 Ne5 15. h3 Nfd7 16. Bb5 Bf6 17. c3 Rad8 18. Nd4 g6 19. Be3 Qc7 20. Rb1 Bg7 21. Be2 Nc5 22. Nb5 Qe7 23. Bf4 Rfe8 24. Qc2 f5 25. Rbe1 Ne4 26. Nd4 Qh4 27. Bb5 Re7 28. Ne6 Ng3+ 29. Bxg3 Qxg3 30. Qf2 Qxf2 31. Rxf2 Rc8 32. Rfe2 b6 33. Kg1 Bf6 34. Rd1 Nf7 35. g3 Ne5 36. Kg2 Kf7 37. h4 h5 38. Re3 Nc4 39. Bxc4 Rxc4 40. Ra1 Rg4 41. Kf3 Re8 42. Ra3 Re7 1-0

[Event "POL-chT 2nd div North"]
[Site "Lublin"]
[Date "1999.??.??"]
[Round "4"]
[White "Pecak, Mariusz"]
[Black "Stecyk, Jozef"]
[Result "1-0"]
[WhiteElo "2060"]
[BlackElo "2015"]
[PlyCount "49"]
[EventDate "1999.09.11"]
[EventType "team-swiss"]
[EventRounds "8"]
[EventCountry "POL"]
[SourceTitle "EXT 2003"]
[Source "ChessBase"]
[SourceDate "2002.11.25"]
[SourceVersion "1"]
[SourceVersionDate "2002.11.25"]
[SourceQuality "1"]
[WhiteTeam "POL-chT 2nd div North 2"]
[BlackTeam "POL-chT 2nd div North 1"]
[WhiteTeamCountry "POL"]
[BlackTeamCountry "POL"]

1. d4 d5 2. c4 e6 3. Nc3 c6 4. e3 Bd6 5. Nf3 Nd7 6. Qc2 f5 7. Bd2 Ngf6 8. cxd5 cxd5 9. Nb5 Bb8 10. Bb4 a6 11. Nd6+ Bxd6 12. Bxd6 h6 13. Bd3 Kf7 14. 0-0 g5 15. Rac1 Ne4 16. Ne5+ Nxe5 17. Bxe5 Re8 18. f3 Nf6 19. g4 Kg6 20. Qb1 Re7 21. Rc3 Bd7 22. e4 dxe4 23. fxe4 Nxg4 24. exf5+ exf5 25. Bxf5+ 1-0

[Event "Lodz-ch"]
[Site "Lodz"]
[Date "1997.??.??"]
[Round "?"]
[White "Pecak, Mariusz"]
[Black "Gawronski, Miroslaw"]
[Result "1-0"]
[WhiteElo "2025"]
[BlackElo "2205"]
[PlyCount "93"]
[EventDate "1997.??.??"]
[EventType "tourn"]
[EventRounds "11"]
[EventCountry "POL"]
[SourceTitle "EXT 2002"]
[Source "ChessBase"]
[SourceDate "2001.11.25"]
[SourceVersion "1"]
[SourceVersionDate "2001.11.25"]
[SourceQuality "1"]

1. d4 c5 2. d5 e5 3. e4 d6 4. Nc3 Be7 5. g3 Bg5 6. Bxg5 Qxg5 7. Nf3 Qd8 8. Nd2 Nf6 9. Bg2 0-0 10. 0-0 b6 11. a4 Ba6 12. Nb5 Ne8 13. f4 Nd7 14. Nc4 Qe7 15. Qf3 Bxb5 16. axb5 Nc7 17. Qb3 a6 18. bxa6 b5 19. Na5 Nb8 20. Qc3 f6 21. Qf3 Ncxa6 22. Bh3 Nc7 23. Ra3 Re8 24. Bg2 Qd7 25. Rfa1 Nca6 26. c3 Qc8 27. Qf1 c4 28. Bh3 Qc5+ 29. Qf2 Qxf2+ 30. Kxf2 Nc5 31. Be6+ Nxe6 32. dxe6 exf4 33. gxf4 Rxe6 34. Kf3 Ra6 35. Nxc4 bxc4 36. Rxa6 Nxa6 37. Rxa6 f5 38. e5 Kf7 39. exd6 Ke8 40. Rc6 Rh6 41. d7+ Kxd7 42. Rxh6 gxh6 43. Ke3 Kc6 44. Kd4 Kb5 45. Kd5 h5 46. h4 h6 47. Kd4 1-0

[Event "Lodz-ch"]
[Site "Lodz"]
[Date "1997.??.??"]
[Round "?"]
[White "Pecak, Mariusz"]
[Black "Swic, Waldemar"]
[Result "1/2-1/2"]
[WhiteElo "2025"]
[BlackElo "2325"]
[PlyCount "46"]
[EventDate "1997.??.??"]
[EventType "tourn"]
[EventRounds "11"]
[EventCountry "POL"]
[SourceTitle "EXT 2002"]
[Source "ChessBase"]
[SourceDate "2001.11.25"]
[SourceVersion "1"]
[SourceVersionDate "2001.11.25"]
[SourceQuality "1"]

1. d4 Nf6 2. c4 g6 3. Nc3 Bg7 4. e4 d6 5. f3 0-0 6. Be3 c5 7. Nge2 Nc6 8. Qd2 e6 9. d5 Ne5 10. Ng3 exd5 11. cxd5 a6 12. Be2 h5 13. 0-0 b5 14. h3 h4 15. Nh1 Nh7 16. f4 Nd7 17. Rae1 Re8 18. Nf2 Rb8 19. Bd3 Qa5 20. e5 dxe5 21. f5 gxf5 22. Bxf5 Ndf6 23. Bxc8 Rbxc8 1/2-1/2